000 00768nam a2200241 i 4500
001 bgj
100 1 _aMCDOWELL, John
245 1 0 _aListening Plus :
_bauthentic recordings with taska to develop ilstening skills and learner training : teacher's book /
_cJohn McDowell, Christopher Hart.
260 _aLondon :
_bEdward Arnold,
_c1988.
300 _a109 pp ;
_c25 cm.
650 9 _aEnglish language
_xListening
650 9 _aEnglish language
_xSpoken English
650 9 _aListening
655 _aTextbooks for foreigners
655 _aProblems, exercises, etc.
700 1 _aHART, Christopher.
_eco-author
020 _a0713184515
040 _cBPK
041 0 _aeng
920 _a0-7131-8451-5
942 _cKS
008 s uk f |000 0 eng
999 _c49005
_d49005